Modules for basic nursing skills / (Record no. 695)
[ view plain ]
| 000 -LEADER | |
|---|---|
| fixed length control field | 00646cam a2200193 a 4500 |
| 020 ## - INTERNATIONAL STANDARD BOOK NUMBER | |
| ISBN | 0397551711 (v. 1 : alk. paper) |
| 020 ## - INTERNATIONAL STANDARD BOOK NUMBER | |
| ISBN | 0397551703 (v. 2 : alk. paper) |
| 050 10 - CALL NUMBER | |
| Classification number | RT52 |
| Item number | .E44 ELL |
| 100 1# - AUTHOR | |
| Personal name | Ellis, Janice Rider. |
| 245 10 - TITLE | |
| Title | Modules for basic nursing skills / |
| Statement of responsibility, etc | Janice Rider Ellis, Elizabeth Ann Nowlis, Patricia M. Bentz. |
| 250 ## - EDITION | |
| Edition statement | 6th ed. |
| 260 ## - PUBLICATION INFORMATION | |
| Place of publication | Philadelphia : |
| Name of publisher | Lippincott, |
| Year of publication | c1996. |
| 300 ## - DESCRIPTION | |
| Number of Pages | 2 v. : |
| Other physical details | ill. (some col.) ; |
| Dimensions | 28 cm. |
| 650 #0 - SUBJECTS | |
| Topical Term | Nursing |
| General subdivision | Outlines, syllabi, etc. |
| 650 #0 - SUBJECTS | |
| Topical Term | Nursing |
| General subdivision | Problems, exercises, etc. |
| 700 1# - OTHER AUTHORS | |
| Personal name | Nowlis, Elizabeth Ann. |
| 700 1# - OTHER AUTHORS | |
| Personal name | Bentz, Patricia M. |
| 942 ## - ADDED ENTRY ELEMENTS (KOHA) | |
| Koha item type | Books |
| Withdrawn status | Lost status | Home library | Current library | Shelving location | Date acquired | Full call number | Accession Number | Copy number | Koha item type |
|---|---|---|---|---|---|---|---|---|---|
| Methodist University Library Wenchi Nursing | Methodist University Library Wenchi Nursing | General Stacks | 03/11/2017 | RT52 .E44 ELL | 37294 | 1 | Books | ||
| Methodist University Library Wenchi Nursing | Methodist University Library Wenchi Nursing | General Stacks | 03/11/2017 | RT52 .E44 ELL | 37292 | 2 | Books |